00742nam a2200205Ii 45000010005000000030009000050080041000140400033000550410008000880820018000962450041001142640083001553000012002383360026002503370028002763380027003049400050003319990017003819520138003982493CO-ViMGA241108s9999||||xx |||||||||||||| ||und|| aCO-ViMGAbspaerdacCO-ViMGA0 aspa04a530.2 - F474i10aFisica:b11º Bachillerato por radio 1aBogotá, Colombia : Presencia Ltda., [Fecha de publicación no identificada] avolumen atextbtxt2rdacontent aunmediatedbn2rdamedia avolumebnc2rdacarrier aidficha_siabuc: 2442. -- ficha_no_siabuc:2493 c47700d47700 001040708001aMEVIGERRbMEVIGERRcGENd2006-07-11o530.2 - F474ipECA16954r2024-11-26 09:37:32tEj.1w2024-11-26yBKz2442 | 2927